Natural Language Processing with Transformers (Record no. 13736)

MARC details
000 -LEADER
fixed length control field 00437nam a22001817a 4500
003 - CONTROL NUMBER IDENTIFIER
control field OSt
008 - FIXED-LENGTH DATA ELEMENTS--GENERAL INFORMATION
fixed length control field 250924b |||||||| |||| 00| 0 eng d
020 ## - INTERNATIONAL STANDARD BOOK NUMBER
International Standard Book Number 9789355420329
082 ## - DEWEY DECIMAL CLASSIFICATION NUMBER
Classification number 006.35 TUN
100 ## - MAIN ENTRY--PERSONAL NAME
Personal name TUNSTALL,Lewis
245 ## - TITLE STATEMENT
Title Natural Language Processing with Transformers
250 ## - EDITION STATEMENT
Edition statement 2nd Ed
260 ## - PUBLICATION, DISTRIBUTION, ETC. (IMPRINT)
Place of publication, distribution, etc Mumbai
Name of publisher, distributor, etc SPD
Date of publication, distribution, etc 2023
300 ## - PHYSICAL DESCRIPTION
Extent 383
700 ## - ADDED ENTRY--PERSONAL NAME
Personal name WERRA,Leandro Van
700 ## - ADDED ENTRY--PERSONAL NAME
Personal name WOLF,Thomas
942 ## - ADDED ENTRY ELEMENTS (KOHA)
Source of classification or shelving scheme Dewey Decimal Classification
Koha item type Text Books
Holdings
Withdrawn status Lost status Source of classification or shelving scheme Damaged status Not for loan Collection code Home library Current library Date acquired Source of acquisition Currency Cost, normal purchase price Bill Number Total Checkouts Full call number Acc. no. / Barcode Date last seen Actual Cost, discounted price Bill Date Koha item type Date last borrowed
    Dewey Decimal Classification     Computer Science and Engineering in AI & Data Science PIET C-LIBRARY PIET C-LIBRARY 22/09/2025 Zaffa Books INR 2275.00 ZBD0260   006.35 TUN 39746 24/09/2025 1706.25 21/09/2025 Reference Books  
    Dewey Decimal Classification     Computer Science and Engineering in AI & Data Science PIET C-LIBRARY PIET C-LIBRARY 22/09/2025 Zaffa Books INR 2275.00 ZBD0260 1 006.35 TUN 39747 05/03/2026 1706.25 21/09/2025 Text Books 17/02/2026

Design & Developed by: PIET Central Library
R70 Miles Stone Pattikalyana Samalkha Panipat 132102
mail ID :- [email protected], Phone No:- 0180-2569700 Ex.216